Súčasné prostriedky populárnej hudby

Bibliographic Details
Main Author: Tugendlieb, Vítězslav (Author)
Format: Article
Language:Slovak
Subjects:

MARC

LEADER 00000nab a2200000 ar4500
001 vtls009281067
003 SK-MaSNL
005 20260304201444.0
008 080401c1976 xo |r|p|||||||000 b|slo
015 |a SNBRB1976 
038 |a SNKBUCL 
040 |a SNKBUCL  |b slo  |c SNKBUCL  |e AACR2 
041 |a slo 
044 |a xo  |c SK 
080 |a 784.66  |2 1997 
100 1 |a Tugendlieb, Vítězslav  |4 aut  |9 1533304 
245 1 0 |a Súčasné prostriedky populárnej hudby  |c Vítězslav Tugendlieb 
500 |a (Zač.) 
650 0 7 |a populárna hudba  |2 snkbucl  |9 3428 
655 7 |a súčasné prostriedky  |2 snkbucl  |9 1533307 
773 0 |t Populár  |g Roč. 8, č. 1 (1976), s. 30-31 
852 |a SNK  |b KIS3GCP 
999 |c 3095089  |d 3097019